| 000 | 00388nam a22001697a 4500 | ||
|---|---|---|---|
| 003 | OSt | ||
| 005 | 20211028134114.0 | ||
| 008 | 211028b |||||||| |||| 00| 0 eng d | ||
| 020 | _a0748702350 | ||
| 040 | _cHU | ||
| 082 | _a371.30281 LEA1990 | ||
| 100 |
_aLeader, W. G. _916055 |
||
| 245 | _aHow to pass exams | ||
| 260 | _c1990 | ||
| 300 |
_a119 _bPC _c24CM |
||
| 942 |
_2ddc _cCOMPUTER _n0 |
||
| 999 |
_c15543 _d15543 |
||